Модернизация системы водогрейного котла КВГМ - 11,63 - 150; Фундаментальные проблемы радиоэлектронного приборостроения; Ч. 4

التفاصيل البيبلوغرافية
Parent link:Фундаментальные проблемы радиоэлектронного приборостроения: материалы Международной научно-технической конференции INTERMATIC-2015, 1-5 декабря 2015 г., Москва/ Московский государственный технический университет радиотехники, электроники и автоматики (МГТУ МИРЭА).— , 2015
Ч. 4.— 2015.— [С. 247-249]
المؤلف الرئيسي: Серикбосын Е. А. Ерсин Амангелдиулы
مؤلف مشترك: Национальный исследовательский Томский политехнический университет (ТПУ) Институт неразрушающего контроля (ИНК) Кафедра физических методов и приборов контроля качества (ФМПК)
مؤلفون آخرون: Гальцева О. В. Ольга Валерьевна
الملخص:Заглавие с титульного листа
اللغة:الروسية
منشور في: 2015
الموضوعات:
الوصول للمادة أونلاين:http://conf.mirea.ru/CD2015/pdf/p4/64.pdf
التنسيق: الكتروني فصل الكتاب
KOHA link:https://koha.lib.tpu.ru/cgi-bin/koha/opac-detail.pl?biblionumber=647252

MARC

LEADER 00000naa0a2200000 4500
001 647252
005 20250617143142.0
035 |a (RuTPU)RU\TPU\network\12390 
090 |a 647252 
100 |a 20160331d2015 k y0rusy50 ca 
101 0 |a rus 
102 |a RU 
135 |a drgn ---uucaa 
181 0 |a i  
182 0 |a b 
200 1 |a Модернизация системы водогрейного котла КВГМ - 11,63 - 150  |f Е. А. Серикбосын, О. В. Гальцева 
203 |a Текст  |c электронный 
300 |a Заглавие с титульного листа 
320 |a [Библиогр.: с. 249 (3 назв.)] 
461 |t Фундаментальные проблемы радиоэлектронного приборостроения  |o материалы Международной научно-технической конференции INTERMATIC-2015, 1-5 декабря 2015 г., Москва  |o в 5 ч.  |f Московский государственный технический университет радиотехники, электроники и автоматики (МГТУ МИРЭА)  |d 2015 
463 |t Ч. 4  |v [С. 247-249]  |d 2015 
610 1 |a электронный ресурс 
610 1 |a труды учёных ТПУ 
610 1 |a водогрейные котлы 
610 1 |a водогрейные котельные установки 
700 1 |a Серикбосын  |b Е. А.  |g Ерсин Амангелдиулы 
701 1 |a Гальцева  |b О. В.  |c специалист в области электротехники  |c доцент Томского политехнического университета, кандидат технических наук  |f 1979-  |g Ольга Валерьевна  |3 (RuTPU)RU\TPU\pers\29653  |9 14166 
712 0 2 |a Национальный исследовательский Томский политехнический университет (ТПУ)  |b Институт неразрушающего контроля (ИНК)  |b Кафедра физических методов и приборов контроля качества (ФМПК)  |3 (RuTPU)RU\TPU\col\18709 
801 2 |a RU  |b 63413507  |c 20171116  |g RCR 
850 |a 63413507 
856 4 |u http://conf.mirea.ru/CD2015/pdf/p4/64.pdf 
942 |c CF